Statistics for Guess the NBA Players height

Click here to take the quiz!

General Stats

  • This quiz has been taken 1,336 times
  • The average score is 12 of 13

Answer Stats

playerheight (no quotation)% Correct
Carmelo Anthony6"8
99%
Larry Bird6"9
97%
Russell Westbrook6"5 Debatable
96%
Kobe Bryant6"6
96%
Kristaps Porzingis7"3
96%
Stephen Curry6"3
95%
Kawhi Leonard6"7
95%
Kevin Durant7"0 Debatable
95%
Enes Kanter6"11
94%
Elgin Baylor6"5
94%
James Worthy6"9
93%
Mark Eaton7"4
92%
Hasheem Thabeet7"3
89%

Score Distribution

Percentile by Number Answered

Percent of People with Each Score

Your Score History

You have not taken this quiz